000 00883nam a22001935i 4500
001 153430
003 ES-MaACL
005 20230906205223.0
008 000105s1880 sp |||| | spa d
245 0 0 _aDerrotero del Golfo de Áden
_b: Socotora é Islas adyacentes, Costas de Somali y de Arabia en el Golfo de Áden ... /
_crecopilado de las memorias de los oficiales de la Marina de la India por C. Y. Ward ; traducido y adicionado por Joaquin Rodriguez de Rivera y Rodriguez.
260 _aMadrid :
_bDepósito Hidrográfico,
_c1880 (
_fImprenta y librería de Moya y Plaza)
300 _a236 p. ;
_c23 cm.
500 _aÍndices.
650 4 _aDerroteros-
_zGolfo de Aden.
_9147789
700 1 _aWard, C. Y.
_9133881
700 1 _aRodríguez de Rivera, Joaquín.
_9131963
710 1 _aEspaña.
_bDepósito Hidrográfico.
_93691
852 _aES-MaACL
_jG-11290
_z-- Enc. hol.
999 _c153430
_d153430